000
00294pam a2200133 a 4500
020
_c
041
_h
082
_a
708
_b
KUM
100
_a
Hema Upadhyay.
245
_a
Ram Kumar
_h
Textual Documents
260
_a
[s.l]:
_b
Vadhera Art Gallery , Delhi
300
_a
100:
_b
paper.
930
_a
6993
999
_c
240783
_d
240783